000
00206nam a22000857a 4500
008
170130b xxu||||| |||| 00| 0 eng d
100
_9
2637
_a
Singh.S
245
_a
EnglishLanuage-VI
260
_a
New Delhi
_b
LP
_c
2011
999
_c
5781
_d
5781